000 00664nam a22001937a 4500
003 UA-OsUOA
001 19969
007 ta
008 20041009b un ||||| |||| 00| 0 ukr d
100 _aБабінець А.
700 _aЦимбалюк Є.
942 _cSA
040 _aUA-OsUOA
_cUA-OsUOA
_dUA-OsUOA
245 _aНа 440-му році життя Радивилів знову пройнявся молодістю
_b[Про святкування 440-річчя Радивилова]
300 _aС.4
955 _a0
773 0 _w0
_tВільне слово
_dРівне
_d2004
_g№73/29 верес./
650 7 _aКраєзнавча робота
_2UDC
999 _c306142
_d306142